Результаты измерений удельного веса и прочности на излом льда р. Томи перед ледоходом 1912 г.; Известия Томского Технологического Института [Известия ТТИ]; Т. 29, № 1
| Parent link: | Известия Томского Технологического Института [Известия ТТИ]/ Томский технологический институт (ТТИ).— , 1903-1925 Т. 29, № 1.— 1913 |
|---|---|
| Hlavní autor: | |
| Shrnutí: | Заглавие с титульного листа Электронная версия печатной публикации |
| Jazyk: | ruština |
| Vydáno: |
1913
|
| Témata: | |
| On-line přístup: | Черно-белая версия для предварительного просмотра Цветная версия без потери качества |
| Médium: | MixedMaterials Elektronický zdroj Kapitola |
| KOHA link: | https://koha.lib.tpu.ru/cgi-bin/koha/opac-detail.pl?biblionumber=179554 |
MARC
| LEADER | 00000nla2a2200000 4500 | ||
|---|---|---|---|
| 001 | 179554 | ||
| 005 | 20231031170414.0 | ||
| 035 | |a (RuTPU)RU\TPU\book\194647 | ||
| 035 | |a RU\TPU\book\194646 | ||
| 090 | |a 179554 | ||
| 100 | |a 20100422d1913 k y0rusy50 ca | ||
| 101 | 0 | |a rus | |
| 102 | |a RU | ||
| 135 | |a drnn ---uucaa | ||
| 181 | 0 | |a i | |
| 182 | 0 | |a b | |
| 200 | 1 | |a Результаты измерений удельного веса и прочности на излом льда р. Томи перед ледоходом 1912 г. |b Электронный ресурс |f Б. П. Вейнберг | |
| 203 | |a Текст |c электронный | ||
| 215 | |a 2 файла (158 Кб, 3.6 Мб) | ||
| 230 | |a Электронные текстовые данные (2 файла : 158 Кб, 3.6 Мб) | ||
| 300 | |a Заглавие с титульного листа | ||
| 300 | |a Электронная версия печатной публикации | ||
| 337 | |a Adobe Reader | ||
| 461 | 1 | |0 (RuTPU)RU\TPU\book\165999 |t Известия Томского Технологического Института [Известия ТТИ] |f Томский технологический институт (ТТИ) |d 1903-1925 | |
| 463 | 1 | |0 (RuTPU)RU\TPU\book\194641 |t Т. 29, № 1 |d 1913 |p 250 с. | |
| 610 | 1 | |a электронный ресурс | |
| 610 | 1 | |a труды учёных ТПУ | |
| 700 | 1 | |a Вейнберг |b Б. П. |c российский ученый |c физик, геофизик |c профессор ТТИ (1909-1924) |f 1871-1942 |g Борис Петрович |2 stltpush |3 (RuTPU)RU\TPU\pers\5705 | |
| 801 | 1 | |a RU |b 63413507 |c 20090320 |g PSBO | |
| 801 | 2 | |a RU |b 63413507 |c 20110421 |g PSBO | |
| 856 | 4 | |u http://www.lib.tpu.ru/fulltext/v/Bulletin_TPU/1913/v29/a5_bw.pdf |z Черно-белая версия для предварительного просмотра | |
| 856 | 4 | |u http://www.lib.tpu.ru/fulltext/v/Bulletin_TPU/1913/v29/a5_full.pdf |z Цветная версия без потери качества | |
| 942 | |c CF | ||